Fundamentals of Data Structures (Record no. 185)

MARC details
000 -LEADER
fixed length control field 00402nam a22001577a 4500
005 - DATE AND TIME OF LATEST TRANSACTION
control field 20160428144358.0
008 - FIXED-LENGTH DATA ELEMENTS--GENERAL INFORMATION
fixed length control field 160428b xxu||||| |||| 00| 0 eng d
041 ## - LANGUAGE CODE
Language code of text/sound track or separate title eng
082 ## - DEWEY DECIMAL CLASSIFICATION NUMBER
Item number 00647
100 ## - MAIN ENTRY--AUTHOR NAME
Personal name Horowitz, Ellis
245 ## - TITLE STATEMENT
Title Fundamentals of Data Structures
260 ## - PUBLICATION, DISTRIBUTION, ETC. (IMPRINT)
Place of publication New Delhi
Name of publisher Galgotia Publ. Pvt. Ltd.
Year of publication 1983
300 ## - PHYSICAL DESCRIPTION
Number of Pages 564
650 ## - SUBJECT ADDED ENTRY--TOPICAL TERM
Topical Term Information Technology
942 ## - ADDED ENTRY ELEMENTS (KOHA)
Koha item type Books
Holdings
Lost status Damaged status Collection code Home library Current library Shelving location Date acquired Cost, normal purchase price Full call number Accession Number Koha item type
    CS/IT JRU Library JRU Library SHELF-53-A 28/04/2016 230.00 00647 00647 Books